000 00532nam a2200193Ia 4500
005 20250508151307.0
008 008 250505s9999 xx 000 0 eng d
037 _aTextual
040 _aFEDL
_beng
_cFEDL
041 _aeng
_2eng
084 _a370.9, COL
_qFEDL
100 _aCole Percival R
_9757406
245 0 _aHistory of educational thought
260 _aLondon, UK
_bOxford University Press
_c1931
300 _ax,316p.
650 _aEducation
942 _cTEXL
_h370.9, COL
999 _c1328891
_d1328891